000 00622nam a22001937a 4500
005 20100814121544.0
010 _aENG-100291
020 _a9789380024776
_c150.00
035 _aEN-83823
037 _bDBAD/PUB
082 _a004
100 _aS Kumar
_913240
245 _aSystem programs and compiler design /
_cBY S Kumar
260 _aErode
_bPallavi Publications
_c2009
270 _a194, kanna Complex Mettur Road
_bErode
_eII
300 _a218p
_c20cm(pbk)
942 _2ddc
_cEN
_h004
_mSKU
999 _c41856
_d41856